| 000 | 00914nam a22002417a 4500 | ||
|---|---|---|---|
| 005 | 20100813142444.0 | ||
| 010 | _aENG-100147 | ||
| 020 |
_a9788132102229 _c795.00 |
||
| 035 | _aEN-83679 | ||
| 037 | _bDBAD/PUB | ||
| 082 | _a320.540899481105493 | ||
| 245 |
_aPathways of dissent : _bTamil nationalism in sri lanka / _cedited by R. Cheran |
||
| 260 |
_aNew Delhi _bSage Publications _c2009 |
||
| 270 |
_aB1/1-1, Mohan Cooperative Industrial Area Mathura Road, _bNew Delhi _e110044 |
||
| 300 |
_axlvii, 283p. _c22cm (Hb) |
||
| 500 | _aIncludes index | ||
| 650 |
_aEthnic Conflict _912710 |
||
| 650 |
_aNationalism _912711 |
||
| 650 |
_aSri lanka _912712 |
||
| 700 |
_aCheran R. _912713 |
||
| 942 |
_2ddc _cEN _h320.540899481105493 _mPAT |
||
| 999 |
_c41645 _d41645 |
||